000 00672nam a2200241Ia 4500
003 0100
008 130303s9999 xx 000 0 und d
020 _a0140552324
040 _cARRUPELIB
050 _aPQ20445.C7 1987
100 _aCranston, Maurice William
245 _aJean-Jacques
245 _bthe early life and work of Jean-Jacques Rousseau 1712-1754
260 _aMiddlesex
260 _bPenguin Books
260 _C1987
300 _a2v.
300 _b 20cm.
650 _bStone-age-Zimbabwe-Matopo hills
650 _cHunting, prehistoric-Zimbabwe-Matopo hills
650 _dExcavations(archaeology)-Zimbabwe-Matopo hills
942 _2lcc
_01
999 _c64018
_d64018